000 00444cam a22001815a 4500
001 L154183
002 18427
008 111109s2010 xxk f 000 0 eng d
020 _a9780727736659
035 _a(Sirsi) u154284
041 0 _aeng
050 0 4 _a624.08 INS
110 2 _aInstitute of Civil Engineers
_95948
245 0 0 _aSupply short contract
260 _aLondon : Thomas Telford, 2010
651 4 _aENGLAND AND WALES
942 _n0
999 _c112923
_d112923